00847cam a2200241 a 450000100100000000500170001000800410002702000150006803500190008304000300010208200190013211100710015124501190022226000360034130000330037749000240041050400390043465000240047365000330049770000230053070000280055383000240058100001163020200929162516.0831117s1984 nyua b 101 0 eng  a0890049394 a(DLC) 83043267 aDO-SdBNPbspacBNPHUdDLC a616.462bW926i1 aWorkshop Conference Hoechstn(12ra. :d1982 :cSchloss Reisenburg)14aThe importance of islets of Langerhans for modern endocrinology /ceditores Konrad F. Federlin y Josef Scholtholt. aNew York :bRaven Press,c1984. axi, 239 p. :bill. ;c25 cm.1 atalleres de Hoechst aIncluye bibliografía e índice. 4aDiabetesxCongresos 4aDiabetes mellitusxCongresos1 aFederlin, K.,eed.1 aScholtholt, Josef,eed. 0atalleres de Hoechst